Home Print Resources E-Books E-Journals IIMT Lecture Series Library Membership Form Book Recommendation Form Campus Tour Take AdmissionAbout Us Contact Us

BUSINESS STATISTICS (Record no. 43912)

000 -LEADER
fixed length control field nam a22 7a 4500
003 - CONTROL NUMBER IDENTIFIER
control field OSt
005 - DATE AND TIME OF LATEST TRANSACTION
control field 20180317104429.0
008 - FIXED-LENGTH DATA ELEMENTS--GENERAL INFORMATION
fixed length control field 180317b xxu||||| |||| 00| 0 eng d
040 ## - CATALOGING SOURCE
Transcribing agency IIMT
100 ## - MAIN ENTRY--PERSONAL NAME
Personal name GUPTA,S.C.&GUPTA,INDRA
245 ## - TITLE STATEMENT
Title BUSINESS STATISTICS
260 ## - PUBLICATION, DISTRIBUTION, ETC.
Place of publication, distribution, etc. NEW DELHI
Name of publisher, distributor, etc. HIMALAYA
Date of publication, distribution, etc. 2010
300 ## - PHYSICAL DESCRIPTION
Extent 19.23
942 ## - ADDED ENTRY ELEMENTS (KOHA)
Source of classification or shelving scheme
Koha item type Text-Book- for 7 days
Holdings
Withdrawn status Lost status Source of classification or shelving scheme Damaged status Not for loan Home library Current library Date acquired Source of acquisition Cost, normal purchase price Total Checkouts Barcode Date last seen Date last checked out Price effective from Koha item type
          NOIDA IIMT College of Engineering MBA NOIDA IIMT College of Engineering MBA 03/17/2018 GIFTED FROM PGDM 340.00 2 21-B-5371 11/24/2025 11/24/2025 03/17/2018 Text-Book- for 7 days
IIMT, Central Library. All Rights Reserved IIMT,UNIVERSITY © 2023
Implemented and Customised by I CLOUDE EMS
You Are OPAC Visitor No
free web counter

Powered by Koha